|
|
|
|
| LEADER |
00000nam a22000007a 4500 |
| 005 |
2020072000120.0 |
| 007 |
cr|||| |||| |
| 008 |
200720s2015 br |||||s|||| 00||0 por d |
| 020 |
|
|
|a 978-85-8248-074-8
|
| 035 |
|
|
|a 31825
|
| 040 |
|
|
|a vLex
|
| 090 |
|
|
|c 10654
|d 10654
|
| 100 |
1 |
|
|a Duarte Rinaldi, Celina
|
| 245 |
1 |
0 |
|a Direito Notarial e Registros Pb︢licos
|h [Recurso electrn̤ico] :
|b Na Perspectiva da Advocacia /
|c Celina Duarte Rinaldi, Dennis Jos ̌Martins, Edsel Nusda de Lima, Gabriela Lucena Andreazza, Guilherme Freitas Fontes, Roberto J. Pugliese
|n Volume I
|
| 256 |
|
|
|a Servicio en ln̕ea
|
| 260 |
|
|
|a San Pablo:
|b Letras Jurídicas Editora,
|c 2015
|
| 300 |
|
|
|a 1 recurso electrn̤ico
|
| 500 |
|
|
|a A seguir, vocs̊ vô conhecer um pouco do trabalho, extremamente complexo, que trata de temas r̀idos, como alienaȯ̂ fiducir̀ia, organizaȯ̂ de condomn̕ios, contratos de locaȯ̂, registros e averbaė̳s, s ̤para ficar em alguns temas familiares ao publico leigo. Para os jovens, que iniciam na carreira e pretendem atuar na r̀ea, esta obra certamente ser ̀de grande valor e poder ̀esclarecer um pouco mais sobre o Direito Notarial. Para os veteranos da r̀ea, fica documentado o talento de nossos dedicados membros da Comissô.
|
| 506 |
1 |
|
|a Disponible solo en los productos indicados
|d vLex Global
|d vLex Global (Academic Edition, excluding Law Schools)
|d vLex Global (U.S. Academic Edition, Law Schools)
|d vLex Global (U.S. Academic Edition, excluding Law Schools)
|d vLex Global (Academic Edition, Law Schools)
|
| 650 |
0 |
4 |
|a Derecho Civil
|z Brasil
|
| 650 |
0 |
4 |
|a Derecho Pb︢lico y Administrativo
|z Brasil
|
| 700 |
1 |
|
|a Martins, Dennis Još
|
| 700 |
1 |
|
|a Nusda de Lima, Edsel
|
| 700 |
1 |
|
|a Andreazza, Gabriela Lucena
|
| 700 |
1 |
|
|a Fontes, Guilherme Freitas
|
| 700 |
1 |
|
|a Pugliese, Roberto J.
|
| 740 |
0 |
|
|a vLex Libros (Servicio en ln̕ea)
|
| 856 |
4 |
0 |
|u http://vlex.com/source/direito-notarial-e-registros-publicos-na-perspectiva-da-advocacia-volume-i-31825
|z Acceso restringido
|
| 942 |
|
|
|c BOOK
|
| 999 |
0 |
|
|a Civil Law
|
| 999 |
0 |
|
|a Public and Administrative Law
|